00951cam a2200277 i 450000100060000000300100000600500170001600800410003302000290007403500190010304000340012204100080015608200180016410000390018224500460022126000360026730000280030349000530033150400260038465000270041083000190043783000550045694200120051199900170052395201330054014170(BD-RjUL)20211208235601.0140205s1976 enka b 000 0 eng d a0713125527 :a0713125535 a(BD-RjUL)14222 aDLCcDLCdDLCd(BD-RjUL)beng aeng00a632bWHD 19761 aWheeler, Bryan Edward John.94425310aDiseases in crops /cby B. E. J. Wheeler. aLondon :bEdward Arnold,c1976. a 60p. :bill. ;c23 cm.1 aInstitute of Biology studies in biology ; no. 64 aBibliography: p. [60] 0aPlant diseases.944254 0vno. 64.944259 0aInstitute of Biology's studies in biology ;944260 2ddccBK c14170d14170 00102ddc40718NFICaRUCLbRUCLcReadingd1979-07-20eHeffersg2.80l0o632 WHD 1976r2014-02-05 00:00:00tC-1w2014-02-05yBK